Die alten Griechen und wir
Αποθηκεύτηκε σε:
| Κύριος συγγραφέας: | |
|---|---|
| Μορφή: | Βιβλίο |
| Γλώσσα: | German |
| Δημοσίευση: |
Gottingen :
Vandenhoeck & Ruprecht,
[1962]
|
| Σειρά: | Kleine Vandenhoeck-Reihe ;
; 138 |
| Θέματα: | |
| Ετικέτες: |
Προσθήκη ετικέτας
Δεν υπάρχουν, Καταχωρήστε ετικέτα πρώτοι!
|
MARC
| LEADER | 00000cam a2200000 i 4500 | ||
|---|---|---|---|
| 001 | 1/39375 | ||
| 008 | 061215s1962 ger d | ||
| 035 | |l 10086575 | ||
| 040 | |a GR-MY-UA |b gre |e aacr | ||
| 041 | 0 | |a ger | |
| 082 | 0 | |a 200.1 |2 (22) | |
| 100 | 1 | |a Snell, Bruno, |d 1896-1986. | |
| 245 | 1 | 4 | |a Die alten Griechen und wir / |c Bruno Snell |
| 260 | |a Gottingen : |b Vandenhoeck & Ruprecht, |c [1962] | ||
| 300 | |a 77 σ.; |c 21 εκ. | ||
| 490 | 1 | |a Kleine Vandenhoeck-Reihe |v ; 138 | |
| 500 | |a Με: Wissen, Glaube und Skepsis / Karl Lowith. - Heidegger: Denker in durftiger Zeit / Karl Lowith. - Existenzphilosophie: eine Einfuhrung in Heidegger und Jaspers / Johannes Pfeiffer. - Kunst und Koexistenz / Ernst Fischer | ||
| 650 | 0 | 0 | |a Greek language |x Study and teaching. |
| 650 | 0 | 0 | |a Greeks. |
| 830 | 0 | |a Kleine Vandenhoeck-Reihe ; |v ; 138 | |
| 852 | |a INST |b RHODES |c KRI |e 20061215 |h 200.1 LOW |p 005400027353 |q 005400027353 |t BK |y 0 | ||
| 901 | |a BIBL4-2006-3 | ||
| 909 | |a Ρ |b 123622 | ||
| 970 | |a ΚΟΖΑ |b ΜΑΡΙΑ |z 2006/12/15 | ||